000 00678nam a22002297a 4500
001 BR7304012
003 BR-BrBNA
005 20230928084014.0
007 ta
008 230509b bl.||||| |||| 00| 0 por d
040 _aBR-BrBNA
_bpor
_cBiblioteca Nacional de Agricultura
041 _a(Por)
072 _aF00
_b0312
_b/G514
090 _ 0312 BR7304012
110 1 _aInstituto de Pesquisa Agropecuaria da Amazonia Ocidental, Manaus, AM (Brasil)
245 1 _aColecao e competicao de cultivares de dende [Elaeis guineensis; Brasil]
260 3 _aManaus, AM (Brasil):
_c1971.
300 _a5 p.
650 _aDENDE
909 _a202309
_bLucia
_c55
_dLucia Elande
942 _cBK
999 _c16267
_d16267